NOM de famille des joueurs de foot - Statistiques

Statistiques générales
  • Ce quiz a été pris 59 fois
  • Le résultat moyen est 5 sur 8
Statistiques - réponses
Par images Réponse % Correct
Maradonna
92%
Neymar
90%
Barthez
80%
Makelele
72%
Pessi
68%
Tenas
50%
Jairzinho
42%
Al-Dawsari
22%
Aucun quiz correspondant
Distribution des résultats
% des personnes avec chaque résultat
Percentile par nombre de réponses
Votre historique - résultats
Vous n’avez pas pris ce quiz